Countries with the least GDP A-Z - Statistics

General Stats
  • This quiz has been taken 27 times
  • The average score is 18 of 24
Answer Stats
GDP Answer % Correct
Z $27.5B Zambia
96%
O $108B Oman
92%
P $281M Palau
92%
Y $21.6T(2018) Yemen
92%
H $19.8B Haiti
88%
Q $213B Qatar
88%
T $62M Tuvalu
88%
V $1.12B Vanuatu
88%
A $2.03B Antigua and Barbuda
84%
C $1.35B Comoros
84%
K $279M Kiribati
80%
R $14.0B Rwanda
80%
J $19.4B Jamaica
76%
D $653M Dominica
72%
F $5.44B Fiji
72%
I $31.3B Iceland
72%
U $48.7B Uganda
72%
E $4.44B Eswatini
68%
G $1.31B Grenada
64%
L $2.11B Lesotho
64%
B $2.64B Burundi
60%
S $678M São Tomé and Príncipe
60%
M $259M Marshall Islands
56%
N $12.3B Namibia
44%
No matching quizzes found
Score Distribution
Percent of People with Each Score
Percentile by Number Answered
Your Score History
You have not taken this quiz